[Event "Rome Petra op 02nd"]
[Site "Rome"]
[Date "2004.09.16"]
[Round "6"]
[White "De Vita, Cesare Igor"]
[Black "Tribuiani, Renato"]
[Result "1-0"]
[WhiteElo "2156"]
[BlackElo "2119"]
[PlyCount "105"]
[EventDate "2004.09.11"]
[EventType "swiss"]
[EventRounds "9"]
[EventCountry "ITA"]
[SourceTitle "EXT 2007"]
[Source "ChessBase"]
[SourceDate "2006.11.23"]
[SourceVersion "1"]
[SourceVersionDate "2006.11.23"]
[SourceQuality "1"]

1. d4 e6 2. c4 f5 3. Nf3 Nf6 4. Qc2 b6 5. g3 Bb7 6. Bg2 Bb4+ 7. Bd2 a5 8. 0-0 0-0 9. Ne5 Bxg2 10. Kxg2 Ne4 11. Bxb4 axb4 12. Nd2 d6 13. Nef3 Nxd2 14. Qxd2 c5 15. Rfd1 Ra6 16. a3 bxa3 17. Rxa3 Rxa3 18. bxa3 Qc8 19. dxc5 dxc5 20. Kf1 h6 21. Qd6 Nc6 22. Qd7 Qxd7 23. Rxd7 Ra8 24. Rd6 Nd4 25. Nxd4 cxd4 26. Rxe6 Rxa3 27. Rxb6 Rc3 28. Rc6 Kf7 29. h4 f4 30. Kg2 fxg3 31. fxg3 h5 32. c5 d3 33. exd3 Rxd3 34. Rc7+ Kg6 35. c6 Rc3 36. Rc8 Kf5 37. Kh3 g6 38. c7 Ke6 39. Rg8 Rxc7 40. Rxg6+ Kf5 41. Rg5+ Ke4 42. Rxh5 Rf7 43. Kg4 Ke3 44. Rg5 Rf1 45. Rf5 Rg1 46. h5 Ke4 47. Rf4+ Ke5 48. h6 Ke6 49. Kh4 Ke5 50. Rf2 Ke6 51. g4 Ke7 52. Kh5 Ra1 53. h7 1-0

[Event "Rome Petra-A 01st"]
[Site "Rome"]
[Date "2004.03.12"]
[Round "7"]
[White "Tomescu, Vlad"]
[Black "Tribuiani, Renato"]
[Result "0-1"]
[WhiteElo "2419"]
[BlackElo "2099"]
[PlyCount "92"]
[EventDate "2004.03.08"]
[EventType "tourn"]
[EventRounds "11"]
[EventCountry "ITA"]
[EventCategory "2"]
[SourceTitle "CBM 099 Extra"]
[Source "ChessBase"]
[SourceDate "2004.05.04"]
[SourceVersion "1"]
[SourceVersionDate "2004.05.04"]
[SourceQuality "1"]

1. e4 e6 2. d4 c5 3. Nf3 cxd4 4. Nxd4 a6 5. Nc3 Qc7 6. Be3 Nf6 7. f3 Bb4 8. Nde2 d5 9. a3 Bc5 10. Bxc5 Qxc5 11. exd5 exd5 12. Qd4 Qb6 13. Ne4 Nxe4 14. fxe4 Be6 15. Qxg7 Rf8 16. 0-0-0 Nd7 17. exd5 Bf5 18. Nd4 Bg6 19. Bd3 0-0-0 20. Bxg6 hxg6 21. Nf3 Nf6 22. Kb1 Nxd5 23. c4 Qf6 24. Qxf6 Nxf6 25. Rxd8+ Kxd8 26. Re1 Nd7 27. Kc2 Nc5 28. Ng5 f6 29. Nf3 a5 30. b4 axb4 31. axb4 Na6 32. Kc3 Nc7 33. c5 Kd7 34. Kc4 Ra8 35. Kb3 Nb5 36. Rd1+ Kc7 37. Nd4 Ra3+ 38. Kc4 Nxd4 39. Rxd4 Ra2 40. Rg4 g5 41. Kb5 Rd2 42. h4 gxh4 43. Rg7+ Rd7 44. Rxd7+ Kxd7 45. Kb6 Kc8 46. c6 f5 0-1

[Event "Rome Petra-A 01st"]
[Site "Rome"]
[Date "2004.03.10"]
[Round "4"]
[White "Tribuiani, Renato"]
[Black "Naumkin, Igor"]
[Result "1/2-1/2"]
[WhiteElo "2099"]
[BlackElo "2416"]
[PlyCount "100"]
[EventDate "2004.03.08"]
[EventType "tourn"]
[EventRounds "11"]
[EventCountry "ITA"]
[EventCategory "2"]
[SourceTitle "CBM 099 Extra"]
[Source "ChessBase"]
[SourceDate "2004.05.04"]
[SourceVersion "1"]
[SourceVersionDate "2004.05.04"]
[SourceQuality "1"]

1. d4 e6 2. e3 Nf6 3. Nd2 c5 4. c3 Nc6 5. Bd3 d5 6. f4 Bd6 7. Nh3 0-0 8. 0-0 b6 9. Nf3 Ne7 10. Bd2 Bb7 11. Be1 Ne4 12. Nfg5 Nf5 13. Qf3 Nxg5 14. Nxg5 h6 15. Nh3 Be7 16. g4 Nd6 17. g5 f5 18. gxh6 gxh6 19. Kh1 Kh7 20. Rg1 Rg8 21. Bf2 Ne4 22. Rxg8 Qxg8 23. Rg1 Qf7 24. Be2 Rg8 25. Be1 Bc6 26. Qh5 Qxh5 27. Bxh5 a5 28. Bf7 Rxg1+ 29. Nxg1 Bd7 30. Nf3 Nd6 31. Ne5 Bc8 32. Bh5 Bf6 33. Be2 Kg7 34. Kg2 Bb7 35. Kh3 c4 36. Nd7 Bd8 37. Bf3 Bc6 38. Ne5 Be8 39. Bh4 Bc7 40. Be7 Nc8 41. Bh4 b5 42. Be1 Bd6 43. a3 Nb6 44. Bd1 Na8 45. Kg2 Nc7 46. Kf2 Na6 47. Kg2 b4 48. axb4 axb4 49. cxb4 Nxb4 50. b3 cxb3 1/2-1/2

[Event "San Benedetto op"]
[Site "San Benedetto del Tronto"]
[Date "1999.??.??"]
[Round "3"]
[White "Luciani, Valerio"]
[Black "Tribuiani, Renato"]
[Result "0-1"]
[WhiteElo "2225"]
[BlackElo "2125"]
[PlyCount "92"]
[EventDate "1999.??.??"]
[EventType "swiss"]
[EventRounds "9"]
[EventCountry "ITA"]
[SourceTitle "EXT 2005"]
[Source "ChessBase"]
[SourceDate "2004.11.15"]
[SourceVersion "1"]
[SourceVersionDate "2004.11.15"]
[SourceQuality "1"]

1. c4 c5 2. Nc3 g6 3. g3 Bg7 4. Bg2 d6 5. Nf3 Nf6 6. d4 Na6 7. 0-0 0-0 8. b3 Rb8 9. Bb2 Nc7 10. Qd2 b6 11. Rad1 Bb7 12. Qd3 Qe8 13. e4 Nd7 14. d5 Ne5 15. Nxe5 Bxe5 16. Na4 Bxb2 17. Nxb2 b5 18. f4 f6 19. Qe3 bxc4 20. Nxc4 Ba6 21. Rc1 Bxc4 22. Rxc4 a5 23. Ra4 Rb5 24. e5 Qd7 25. e6 Qc8 26. f5 g5 27. h4 h6 28. Rg4 Rb4 29. Rff4 Kh8 30. Rc4 Nb5 31. Be4 Rg8 32. hxg5 Rxg5 33. Rxg5 hxg5 34. Qe2 Qe8 35. Bd3 Rxc4 36. Bxc4 Nd4 37. Qh2+ Kg7 38. Qh3 Qh8 39. Qxh8+ Kxh8 40. g4 Kg7 41. Kf2 Kf8 42. Ke3 Ke8 43. Kd3 Kd8 44. Kc3 Kc7 45. Kb2 Kb6 46. Ka3 Nc2+ 0-1

[Event "San Benedetto op"]
[Site "San Benedetto del Tronto"]
[Date "1999.??.??"]
[Round "5"]
[White "Tribuiani, Renato"]
[Black "Metrangolo, Antonio"]
[Result "0-1"]
[WhiteElo "2125"]
[BlackElo "1950"]
[PlyCount "68"]
[EventDate "1999.??.??"]
[EventType "swiss"]
[EventRounds "9"]
[EventCountry "ITA"]
[SourceTitle "EXT 2005"]
[Source "ChessBase"]
[SourceDate "2004.11.15"]
[SourceVersion "1"]
[SourceVersionDate "2004.11.15"]
[SourceQuality "1"]

1. e4 c5 2. Nc3 Nc6 3. f4 g6 4. Nf3 Bg7 5. Nd5 d6 6. c3 Bg4 7. h3 Bxf3 8. Qxf3 a6 9. a4 Nf6 10. Nxf6+ Bxf6 11. Bc4 0-0 12. d3 Na5 13. Ba2 b5 14. f5 bxa4 15. Bd5 Nb3 16. Rxa4 Nxc1 17. Bxa8 Qxa8 18. Qd1 Bh4+ 19. Kd2 Bg5+ 20. Kc2 Qb7 21. b4 c4 22. Qg4 Nxd3 23. Qxg5 Qxe4 24. Kd2 Nf4 25. Qg4 Qd3+ 26. Ke1 Qxc3+ 27. Kf1 Qc1+ 28. Kf2 Nd3+ 29. Kg3 Qxh1 30. Qd4 Qe1+ 31. Kh2 Qe5+ 32. Qxe5 Nxe5 33. f6 exf6 34. Rxa6 Rc8 0-1